000 00382nam a22001697a 4500
005 20160521150819.0
008 160521b xxu||||| |||| 00| 0 eng d
020 _a1403927588
041 _aeng
082 _b3921
100 _aDey B.R.
_9985
245 _aText Book of Managerial Statistics
260 _bMac Millan
300 _a318
650 _aManagement
_9241
942 _cBK
999 _c1341
_d1341